000 01105nac a22003257a 4500
001 BR8700336
003 BR-BrBNA
005 20240105120442.0
008 230509b bl.|||m| |||| 00| 0 por d
040 _aBR-BrBNA
_bpor
_cBiblioteca Nacional de Agricultura
072 _aH10
090 _a1410 BR8700336
100 1 _aSalgado, L.O.
100 1 _aSanta Cecilia, L.V.C.
110 1 _aEmpresa de Pesquisa Agropecuaria de Minas Gerais, Belo Horizonte (Brasil)
245 1 _aLevantamento e sugestoes de controle de insetos que ocorrem no feijoeiro (Phaseolus vulgaris L.)no plantio da "seca"
260 3 _aBelo Horizonte, MG (Brasil):
_c1983.
300 _a4 p.
490 _aPesquisando - Empresa de Pesquisa Agropecuaria de Minas Gerais (Brazil)
_vno. 97
_xISSN 0102-2164
650 _aFEIJAO
650 _aLAGARTA DO COLO
650 _aCIGARRINHA VERDE
650 _aMOSCA MINADORA
650 _aBROCA DA VAGEM
650 _aFLUTUACAO POPULACIONAL
650 _aCONTROLE QUIMICO
650 _aINSETICIDA
909 _a202312
_bLúcia Elande
_c55
_dLúcia Elande
942 _2AGRIS
_n0
_cMS
999 _c279511
_d279511